00700nam a2200169 a 450000500170000000800410001702000160005805000230007424500900009726000370018730000070022444000370023152001080026865000110037699900190038795201240040620140412111410.0070214s19uu xx 00 eng d a078685874-5 aTR(PS EbFa21 2000 aFamily storybook library, bk. 9:bThe humblest package can contain the greatest gift. aNew york :bDisney press,c2000. a19 aDisneys family storybook library aStories about fairness and judgement, title includes the hunchback of notre dame and lady and the tramp aFables c105642d105642 00104050aELbELcTRd2007-02-14eLib. Fundg83.00l0oTR(PS E Fa21 2000pE10482r2014-04-12 00:00:00w2014-04-12yBK